000 00596cam a22001934a 4500
005 20250605164036.0
008 250528s ||||||||||||||||||||||||d
035 _a16830
020 _a751306045
040 _aGR-AtMCL
_bgre
_dGR-AtMCL
_eAACR2
245 1 _aWorld Reference Atlas / The Dorling Kindersley
260 _bDorling Kindersley,
_c1998
300 _a736
520 _aThe World Today, The Nations of the World, Overseas Territories and Dependencies, Global Issues, Index - Gazetteer,
700 1 _aCastello-Cortes Ian
_92918
942 _cBK
999 _c2284
_d2284